000 02038nam a22003853i 4500
001 EBC6896367
003 MiAaPQ
005 20240305091540.0
007 cr cnu||||||||
008 221130s2022 xx o ||||0 eng d
020 _a9780252053306
_q(electronic bk.)
020 _z9780252044311
040 _aMiAaPQ
_beng
_cMiAaPQ
100 1 _aButler, Lynn Edwards.
_918508
_4aut
_eauthor
245 1 0 _aJohann Scheibe :
_bOrgan Builder in Leipzig at the Time of Bach.
_cLynn Edwards Butler
250 _a1st ed.
264 1 _aChampaign :
_bUniversity of Illinois Press,
_c2022.
264 4 _c©2022.
300 _a1 online resource (293 pages)
336 _aText
_btxt
_2rdacontent
337 _aComputermedien
_bc
_2rdamedia
338 _aOnline Resource
_bcr
_2rdacarrier
500 _aE-Book-ProQuest / Fernzugriff nach Registrierung möglich
505 0 _aCover -- Title -- Copyright -- Contents -- Preface -- Events in the Life of Johann Scheibe -- Abbreviations -- 1. Bach's 1717 Visit to Leipzig -- 2. The Life and Work of Johann Scheibe -- 3. The Organ for Zschortau -- 4. Building the Organ for St. Paul's -- 5. Bach's Examination of the St. Paul's Organ -- 6. Disposition and Tonal Character of the St. Paul's Organ -- 7. Construction Details of the St. Paul's Organ -- 8. Renovations and Maintenance -- 9. An Innovative Organ for St. John's -- 10. Small Projects and Proposals -- 11. Scheibe and Bach in Leipzig -- Directory of Appendixes on the Companion Website -- Notes -- Bibliography -- Index -- Back Cover.
600 1 _aScheibe, Johann
_918620
650 _aOrgelbauer
_918621
650 _aOrgel
_918622
651 4 _aLeipzig
_9390
655 4 _aElectronic books.
655 _aFernzugriff
_9230
776 0 8 _iPrint version:
_aButler, Lynn Edwards
_tJohann Scheibe
_dChampaign : University of Illinois Press,c2022
_z9780252044311
856 4 0 _uhttps://ebookcentral.proquest.com/lib/maxweberstiftung-ebooks/detail.action?docID=6896367
_zVolltext
942 _cEB
_2z
999 _c61249
_d61249